000 00446nam a2200181Ia 4500
008 230524s9999 xx 000 0 und d
020 _a9780070482845
082 _a621.3829
_bIYE
100 _aSriram V Iyer
245 0 _aEmbedded/ Real-Time Systems Programming
250 _aIST
260 _aNEW DELHI
_bTMH
_c2007
300 _aXVII;317
500 _aQuantity Number: 10
650 _aComp-Sc
700 _a Pankaj Gupta
942 _cBK
999 _c41691
_d41691